| 000 | 00658nam a22001937a 4500 | ||
|---|---|---|---|
| 003 | NUST - PNEC | ||
| 005 | 20170116181201.0 | ||
| 008 | 160215b xxu||||| |||| 00| 0 eng d | ||
| 020 | _a9780753555538 | ||
| 040 | _cLIBRARY | ||
| 082 | _a355.6092 GAT | ||
| 100 |
_916416 _aGates, Robert M. |
||
| 245 |
_aDuty : memoirs of a Secretary at war _cGates, Robert Michael |
||
| 260 |
_aU.K. _bRandom House Group Ltd., _cC2014. |
||
| 300 | _a618 pages | ||
| 650 |
_916417 _aMilitary policy-Decision making _xGeneral |
||
| 856 | _uhttp://www.amazon.com/Duty/dp/0753555530/ref=sr_1_1?s=books&ie=UTF8&qid=1455523536&sr=1-1&keywords=9780753555538 | ||
| 942 |
_2ddc _cBK |
||
| 999 |
_c71464 _d71464 |
||